|
|
|
|
| LEADER |
01593nam a2200409Ia 4500 |
| 001 |
EBC459654 |
| 003 |
MiAaPQ |
| 005 |
20200520144314.0 |
| 006 |
m o d | |
| 007 |
cr cn||||||||| |
| 008 |
060612s2006 dcu sb 001 0 eng d |
| 010 |
|
|
|z 2006047585
|
| 020 |
|
|
|z 082136619X
|
| 020 |
|
|
|a 0821366203 (electronic bk.)
|
| 035 |
|
|
|a (MiAaPQ)EBC459654
|
| 035 |
|
|
|a (Au-PeEL)EBL459654
|
| 035 |
|
|
|a (CaPaEBR)ebr10155143
|
| 035 |
|
|
|a (CaONFJC)MIL72555
|
| 035 |
|
|
|a (OCoLC)79879514
|
| 040 |
|
|
|a MiAaPQ
|c MiAaPQ
|d MiAaPQ
|
| 050 |
|
4 |
|a HG9399.D442
|b P75 2006
|
| 082 |
0 |
4 |
|a 368.38/20091724
|2 22
|
| 245 |
0 |
0 |
|a Private voluntary health insurance in development
|h [electronic resource] :
|b friend or foe /
|c edited by Alexander S. Preker, Richard N. Scheffler, Mark C. Bassett.
|
| 260 |
|
|
|a Washington, DC :
|b World Bank,
|c 2006.
|
| 300 |
|
|
|a xvii, 424 p.
|
| 490 |
1 |
|
|a Health, nutrition and population series
|
| 504 |
|
|
|a Includes bibliographical references and index.
|
| 533 |
|
|
|a Electronic reproduction. Ann Arbor, MI : ProQuest, 2015. Available via World Wide Web. Access may be limited to ProQuest affiliated libraries.
|
| 650 |
|
0 |
|a Health insurance
|z Developing countries.
|
| 650 |
|
0 |
|a Medical care
|z Developing countries.
|
| 655 |
|
4 |
|a Electronic books.
|
| 700 |
1 |
|
|a Preker, Alexander S.,
|d 1951-
|
| 700 |
1 |
|
|a Scheffler, Richard M.
|
| 700 |
1 |
|
|a Bassett, Mark C.,
|d 1957-
|
| 710 |
2 |
|
|a ProQuest (Firm)
|
| 830 |
|
0 |
|a Health, nutrition, and population series.
|
| 856 |
4 |
0 |
|u https://ebookcentral.proquest.com/lib/matrademy/detail.action?docID=459654
|z Click to View
|